The Local Government’s Approach to the Integration of Foreigners in the Czech Republic
Analýza pripravenosti miestnych samospráv v Českej republike na realizáciu vlastnej integračnej politiky. Integračná politika samospráv je založená na princípe ich individuálnej dobrovoľnosti a realizuje sa len prostredníctvom časovo obmedzených projektov. Záväzné vymedzenie politickej a administrat...
Uložené v:
| Hlavný autor: | |
|---|---|
| Médium: | Kapitola |
| Jazyk: | English |
| Predmet: | |
| Tagy: |
Žiadne tagy, Buďte prvý, kto otaguje tento záznam!
|
MARC
| LEADER | 00000naa a2200000 4500 | ||
|---|---|---|---|
| 001 | 0296558 | ||
| 005 | 20240417075249.6 | ||
| 041 | 0 | |a eng | |
| 044 | |a CZ | ||
| 245 | 1 | 0 | |a The Local Government’s Approach to the Integration of Foreigners in the Czech Republic |c Eva Dohnalová |
| 520 | |a Analýza pripravenosti miestnych samospráv v Českej republike na realizáciu vlastnej integračnej politiky. Integračná politika samospráv je založená na princípe ich individuálnej dobrovoľnosti a realizuje sa len prostredníctvom časovo obmedzených projektov. Záväzné vymedzenie politickej a administratívnej zodpovednosti je nevyhnutnou podmienkou, ktorú musí stanoviť národná vláda. Kľúčovou inštitúciou zaoberajúcou sa integráciou cudzincov v obci sú sociálne odbory miestnych samospráv. Sociálna práca je preto nevyhnutnou profesiou, ktorá pomáha navrhovať a realizovať podstatnú časť opatrení integračnej politiky obcí. | ||
| 610 | 2 | 0 | |a Česko |
| 610 | 2 | 0 | |a práca sociálna |
| 610 | 2 | 0 | |a politika integračná |
| 610 | 2 | 0 | |a integrácia sociálna |
| 610 | 2 | 0 | |a migrácia |
| 610 | 2 | 0 | |a cudzinci |
| 610 | 2 | 0 | |a samospráva miestna |
| 100 | 1 | |a Dohnalová, Eva | |